000 00671nam a2200229Ia 4500
003 OSt
005 20221007072953.0
006 a|||||r|||| 00| 0
007 ta
008 221006b |||||||| |||| 00| 0 eng d
024 _a27,137
037 _cReports / Technical Reports
040 _aFLL
_cFLL
_beng
041 _2eng
_aeng
082 _aZ5,5W6, L9
100 _aRowat Donald C. Ed.
245 0 _aAdministrative secrecy in developed countries
260 _aLondon
_bThe Macmillan Press Ltd. London
_c1979
300 _axxiv,1-364p
_ccm.
942 _hZ5,5W6, L9
_cREP
_2CC
999 _c1147382
_d1147382